| 000 | 00436nam a2200157 i 4500 | ||
|---|---|---|---|
| 001 | 26932 | ||
| 003 | ES-MaACL | ||
| 005 | 20230906153528.0 | ||
| 007 | t| | ||
| 008 | 030113s1978 sp ||||1| spa d | ||
| 100 | 1 |
_aAsenjo Sedano, José. _923568 |
|
| 245 | 1 | 0 |
_aPenélope y el mar _b: (novela) / _cJosé Asenjo Sedano. |
| 260 |
_aGranada : _bEd. Iliberis, _c1978. |
||
| 300 |
_a132 p. ; _c19 cm. |
||
| 852 |
_aES-MaACL _jA-8562 _bR.97449 |
||
| 999 |
_c26932 _d26932 |
||